Swedish Counties - Statistics

General Stats
  • This quiz has been taken 18 times
  • The average score is 11 of 21
Answer Stats
Answer % Correct
Stockholm
91%
Gotland
82%
Dalarna
73%
Skåne
73%
Västra Gotäland
73%
Halland
64%
Norrbotten
64%
Orebro
64%
Uppsala
64%
Blekinge
55%
Gävleborg
55%
Östergötland
55%
Västerbotten
55%
Jämtland
45%
Jönköping
45%
Kalmar
45%
Värmland
45%
Södermanland
27%
Kronoborg
18%
Västernorrland
18%
Västmanland
18%
No matching quizzes found
Score Distribution
Percent of People with Each Score
Percentile by Number Answered
Your Score History
You have not taken this quiz